Normal view
MARC view
Entry Topical Term
001 - CONTROL NUMBER
- control field: 312
003 - CONTROL NUMBER IDENTIFIER
- control field: OSt
005 - DATE AND TIME OF LATEST TRANSACTION
- control field: 20110408120356.0
008 - FIXED-LENGTH DATA ELEMENTS
- fixed length control field: 110408|||a|||||| | ||| d
040 ## - CATALOGING SOURCE
- Original cataloging agency: OSt
- Transcribing agency: OSt
150 ## - HEADING--TOPICAL TERM
- Topical term or geographic name as entry element: Human rights
- General subdivision: History
- Form subdivision: Sources.
670 ## - SOURCE DATA FOUND
- Source citation: Work cat.: (OSt)117: The Raoul Wallenberg Institute compilation of human rights instruments /, c1997.
